00559nam a2200205Ia 450000500170000000800460001703700110006304000080007404000080008204000080009004100080009804100080010608400080011410000490012224500720017126000090024330000100025265000160026270000750027820260430150647.0008 250103s9999 xx 000 0 eng d aTheses aCRL beng ceng 2eng aeng qCRL aPoonia Amit Kumar Au.; Reji Beena Antony Gu. 0aIntegrated Water Resource Management Practices in Shekhawati Region c2023 a223p. aSocial Work aUniversity of Delhi. Faculty of Social Sciences. Deptt. of Social Work